Breaking bad Trivia (all seasons) - Statistics

General Stats
  • This quiz has been taken 4,482 times
  • The average score is 9 of 15
Answer Stats
Question Answer % Correct
What is Walter White's Alter Ego? Heisenberg
95%
Which charachter is getting their own prequel? Saul goodman
87%
Who does skyler fuck? Ted beneke
86%
How many prisoners does walt have murdered? 10
82%
What kills Lydia? Ricin
77%
What is the name of the first episode? Pilot
71%
Who is the only main charachter to not meet Skyler? Mike
70%
What is the name on the last episode? Felina
67%
Who was the very first person to use 'Blue sky' Tuco
67%
What country was Gustavo Fring from? Chile
66%
What is Marie's addiction in Season 1? Shoplifting
55%
Who does Gus kill in the episode 'Box cutter' Victor
54%
what does Lydia like to put her in her drink? Stevia
50%
What is jesse's middle name? Bruce
15%
What is the name of Jesse and Badgers band? Twaughthammer
7%
No matching quizzes found
Score Distribution
Percent of People with Each Score
Percentile by Number Answered
Your Score History
You have not taken this quiz